Financial accounting : (Record no. 14255)

MARC details
000 -LEADER
fixed length control field 00826nam a22002297a 4500
005 - DATE AND TIME OF LATEST TRANSACTION
control field 20080707154240.0
008 - FIXED-LENGTH DATA ELEMENTS--GENERAL INFORMATION
fixed length control field 080707t xxu||||| |||| 00| 0 eng d
010 ## - LIBRARY OF CONGRESS CONTROL NUMBER
LC control number ENG-90466
020 ## - INTERNATIONAL STANDARD BOOK NUMBER
International Standard Book Number 9788120335622
Terms of availability 375.00
035 ## - SYSTEM CONTROL NUMBER
System control number EN-73999
037 ## - SOURCE OF ACQUISITION
Source of stock number/acquisition DBAD / PUB
040 ## - CATALOGING SOURCE
Original cataloging agency DPL
Language of cataloging EN
082 ## - DEWEY DECIMAL CLASSIFICATION NUMBER
Classification number 657.48
100 ## - MAIN ENTRY--PERSONAL NAME
Personal name Narayanaswamy, R.
245 ## - TITLE STATEMENT
Title Financial accounting :
Remainder of title a managerial perspective /
Statement of responsibility, etc by R. Narayanaswamy
250 ## - EDITION STATEMENT
Edition statement 3rd ed
260 ## - PUBLICATION, DISTRIBUTION, ETC. (IMPRINT)
Place of publication, distribution, etc New Delhi
Name of publisher, distributor, etc Prentice-Hall of India
Date of publication, distribution, etc 2008
300 ## - PHYSICAL DESCRIPTION
Extent xxiv, 699p.
Dimensions 23cm.(pbk)
500 ## - GENERAL NOTE
General note Includes appendix, glossary and index
942 ## - ADDED ENTRY ELEMENTS (KOHA)
Source of classification or shelving scheme Dewey Decimal Classification
Koha item type English Books
Classification part 657.48
Call number suffix NAR
Holdings
Withdrawn status Lost status Damaged status Not for loan Collection code Home library Current library Date acquired Source of acquisition Cost, normal purchase price Total Checkouts Full call number Barcode Date last seen Copy number Cost, replacement price Price effective from Koha item type
      Not For Loan Non-fiction D.B.Act.Division D.B.Act.Division 07/07/2008 DBAD / PUB 375.00   657.48 NAR EN-73999 15/09/2008 1 375.00 15/09/2008 English Books

© Delhi Public Library
Hit Counter
free hit counter